[Event "Mondiale Semilampo FIDE 2024"]
[Site "New York"]
[Date "28.12.2024"]
[Round "12.76"]
[White "Hovhannisyan, Robert"]
[Black "Escobar Forero, Alder"]
[Result "1-0"]
[WhiteTitle "GM"]
[BlackTitle "GM"]
[WhiteElo "2626"]
[BlackElo "2420"]
[WhiteFideId "13302507"]
[BlackFideId "4400801"]
[EventDate "26.12.2024"]

1. e4 d5 2. exd5 Qxd5 3. Nf3 Nf6 4. d4 g6 5. Be2 Bg7 6. O-O O-O 7. c4 Qd6 8. Nc3
a6 9. h3 c5 10. dxc5 Qxc5 11. Be3 Qc7 12. Rc1 e6 13. Qb3 Nbd7 14. Na4 Ne4 15. c5
Ndf6 16. Nb6 Rb8 17. Rfd1 Nh5 18. Qc4 f5 19. Bd4 Kh8 20. Bxg7+ Qxg7 21. Nd2 Nhf6
22. Rc2 e5 23. Nxe4 Nxe4 24. Bf3 Ng5 25. Bd5 f4 26. h4 Bg4 27. f3 Bf5 28. hxg5
Bxc2 29. Qxc2 Qe7 30. Qc3 Rbd8 31. Re1 Rf5 32. Qc4 Rxg5 33. b4 Rf5 34. Qe4 Qh4
35. g4 Qg3+ 36. Kf1 Qh3+ 37. Ke2 Rg5 38. Nc4 Qg2+ 39. Kd3 Qxa2 40. Nd6 Qa3+ 41.
Kc2 Kg7 42. Bb3 Rd7 43. Qc4 h5 44. Qg8+ 1-0

[Event "Mondiale Semilampo FIDE 2024"]
[Site "New York"]
[Date "28.12.2024"]
[Round "12.77"]
[White "Benjamin, Joel"]
[Black "Wanyama, Harold"]
[Result "0-1"]
[WhiteTitle "GM"]
[BlackTitle "FM"]
[WhiteElo "2473"]
[BlackElo "2154"]
[WhiteFideId "2000091"]
[BlackFideId "10000380"]
[EventDate "26.12.2024"]

1. e4 c5 2. Nf3 e6 3. Nc3 a6 4. g3 Nc6 5. Bg2 Nf6 6. O-O d5 7. exd5 Nxd5 8. d4
Nxc3 9. bxc3 Be7 10. Be3 O-O 11. dxc5 Qa5 12. Nd4 Qxc3 13. Nxc6 bxc6 14. Qd3 Qa5
15. Qc4 Qc7 16. Rab1 e5 17. Qa4 Be6 18. Qxc6 Qa5 19. Qxa8 Rxa8 20. Bxa8 g5 21.
c6 Qxa2 22. Rfd1 Qc4 23. Bb6 Bc5 24. Bxc5 Qxc5 25. Bb7 a5 26. Rd8+ Kg7 27. Ra8
Qxc2 28. Rf1 Qc3 29. Ra7 Bd5 30. Rd1 Be4 31. c7 0-1

[Event "Mondiale Semilampo FIDE 2024"]
[Site "New York"]
[Date "28.12.2024"]
[Round "12.78"]
[White "Urazayev, Arystanbek"]
[Black "Dragnev, Valentin"]
[Result "1-0"]
[WhiteTitle "IM"]
[BlackTitle "GM"]
[WhiteElo "2470"]
[BlackElo "2563"]
[WhiteFideId "13709810"]
[BlackFideId "1634852"]
[EventDate "26.12.2024"]

1. d4 d5 2. Nf3 c5 3. c4 e6 4. e3 Nf6 5. Nc3 Nc6 6. cxd5 Nxd5 7. Bd3 Be7 8. O-O
O-O 9. a3 cxd4 10. exd4 Bf6 11. Be4 Nce7 12. Qd3 g6 13. Ne5 Bd7 14. Bh6 Bg7 15.
Bxg7 Kxg7 16. Bxd5 exd5 17. Rfe1 Be6 18. Qb5 b6 19. Ne2 Qd6 20. Nf4 Bf5 21. Qb4
Qf6 22. g3 Rfe8 23. Rac1 Rac8 24. a4 Kg8 25. f3 h5 26. h4 a5 27. Qb5 Qd6 28. Rc3
Kg7 29. Rce3 f6 30. Nexg6 Bxg6 31. Re6 Qc7 32. Rxb6 Bf7 33. Rb7 Qd6 34. Rd7 Nc6
35. Rxd6 Rxe1+ 36. Kf2 Rc1 37. Qd3 Nb4 38. Qf5 R8c2+ 39. Ne2 Rh1 40. Qxf6+ 1-0

[Event "Mondiale Semilampo FIDE 2024"]
[Site "New York"]
[Date "28.12.2024"]
[Round "12.79"]
[White "Wagner, Dennis"]
[Black "Kacharava, Nikolozi"]
[Result "0-1"]
[WhiteTitle "GM"]
[BlackTitle "GM"]
[WhiteElo "2616"]
[BlackElo "2510"]
[WhiteFideId "24650684"]
[BlackFideId "13611860"]
[EventDate "26.12.2024"]

1. d4 d5 2. c4 e6 3. Nf3 Nf6 4. g3 Be7 5. Bg2 O-O 6. O-O dxc4 7. Qa4 Qd5 8. Nc3
Qc6 9. Qc2 Qa6 10. Bf4 c5 11. dxc5 Nbd7 12. b4 Nd5 13. Nxd5 exd5 14. Ng5 Bxg5
15. Bxg5 h6 16. Be7 Re8 17. Bd6 Nf6 18. a4 Qc6 19. b5 Qd7 20. Rfd1 b6 21. e4
bxc5 22. e5 Bb7 23. Bxc5 Rxe5 24. Bd4 Re7 25. Bxf6 gxf6 26. Qd2 Kg7 27. Qf4 Rd8
28. h4 Qe6 29. Kh2 Qe5 30. Qg4+ Kf8 31. Re1 Qxe1 32. Rxe1 Rxe1 33. Qf4 Rc8 34.
Qxh6+ Ke7 35. Qd2 Re5 36. Qd4 c3 37. Qxa7 c2 38. Qxb7+ Kd8 39. Bh3 f5 40. Qb6+
Ke8 41. Qf6 Re6 42. Qh8+ Kd7 43. Qg7 c1=Q 44. Qxf7+ Kd6 45. Bxf5 Qe1 46. Kg2 Rc1
47. Qf8+ Ke5 48. f4+ Kd4 49. Kh3 Re3 50. Qg7+ Kc4 51. b6 Qh1+ 52. Kg4 Rxg3+ 0-1

[Event "Mondiale Semilampo FIDE 2024"]
[Site "New York"]
[Date "28.12.2024"]
[Round "12.80"]
[White "Corrales Jimenez, Fidel"]
[Black "Rosen, Eric"]
[Result "1/2-1/2"]
[WhiteTitle "GM"]
[BlackTitle "IM"]
[WhiteElo "2555"]
[BlackElo "2377"]
[WhiteFideId "3506690"]
[BlackFideId "2032562"]
[EventDate "26.12.2024"]

1. e4 c5 2. Nf3 Nc6 3. Bb5 d6 4. O-O Bd7 5. Re1 a6 6. Bf1 Bg4 7. h3 Bxf3 8. Qxf3
Nf6 9. c3 e6 10. d3 Be7 11. Nd2 O-O 12. Qe2 b5 13. Nf3 d5 14. e5 Nd7 15. g3 Qb6
16. h4 Rfe8 17. Bf4 Rac8 18. Bg2 a5 19. Ng5 Bxg5 20. hxg5 c4 21. d4 b4 22. Bf3
Rb8 23. Kg2 a4 24. a3 bxc3 25. bxc3 Qb2 26. Bd2 Na5 27. g6 fxg6 28. Rab1 Qxb1
29. Rxb1 Rxb1 30. Bg4 Nf8 31. Qf3 Rd8 32. Bh3 Ra1 33. Bg5 Rd7 34. Bxe6+ Nxe6 35.
Qg4 Kf7 36. Qf3+ Ke8 37. Qg4 Nxg5 38. Qxg5 Rxa3 39. e6 Rd6 40. Qf4 Rxe6 41. Qb8+
Kf7 42. Qc7+ Kf6 43. Qc5 g5 44. Qxa3 Nc6 45. Qxa4 Ne7 46. Qe8 h6 47. Kh3 Re4 48.
f3 g4+ 49. fxg4 Re3 50. Qf8+ Kg6 51. Kg2 Kh7 52. Qf7 Re2+ 53. Kh3 Re4 54. g5
hxg5 55. Qh5+ Kg8 56. Qxg5 Kf7 57. Qh5+ Kf6 58. Qh8 Kf7 59. Qb8 g6 60. g4 Re3+
61. Kh4 Rxc3 62. Qf4+ Ke6 63. Kg5 Rb3 64. Qe5+ Kd7 65. Kf6 Rf3+ 66. Kg5 Rf8 67.
Qe3 Rc8 68. Qc3 Rc6 69. Kh6 Nc8 70. Kg5 Nd6 71. Kf4 Nb5 72. Qb4 Nc7 73. Qc3 Nb5
74. Qb4 Nxd4 75. Ke5 c3 76. Qb7+ Rc7 77. Qxd5+ Kc8 78. Qa8+ Kd7 79. Qa4+ Nc6+
80. Ke4 Kd8 81. Kd3 Ne7 82. Kc2 Rc6 83. Qa7 Rc7 84. Qd4+ Kc8 85. Qd6 Kb7 86.
Qb4+ Kc6 87. Qa4+ Kd6 88. Qf4+ Kd7 89. Qd4+ Ke8 90. Qe4 Rc6 91. Qe5 Kf7 92. Qf4+
Ke6 93. Qe4+ Kd6 94. Qf4+ Kd7 95. Qf7 Rc7 96. Qf4 Rc6 97. Qd4+ Kc7 98. Qa7+ Kd6
99. Qb8+ Ke6 100. Qf4 Kd7 101. Qd4+ Kc8 102. Qe5 Rc7 103. Qd6 Kb7 104. Qb4+ Kc6
105. Qc4+ Kd6 106. Qf4+ Kd7 107. Qd4+ Ke8 108. Qe5 Rc6 109. Qe4 Kf7 110. Qf4+
Ke6 111. Qe4+ Kd7 112. Qd4+ Kc7 113. Qe5+ Kd8 114. Qd4+ Ke8 115. Qe5 Rc8 116.
Qe6 Rc6 117. Qe5 Kd7 118. Qd4+ Ke6 119. Qe4+ Kd6 120. Qf4+ Ke6 121. Qe4+ Kf6
122. Qf4+ Kg7 123. Qe5+ Kf7 124. Qf4+ Rf6 125. Qc4+ Ke8 126. Qe4 Rc6 127. Qe5
Kd8 128. Qd4+ Kc8 129. Qe4 Rc7 130. Qe6+ Kb7 131. Qb3+ Ka7 132. Qa4+ Kb6 133.
Qb3+ Ka6 134. Qa4+ Kb7 135. Qb5+ Ka8 136. Qa5+ Kb8 137. Qb5+ Kc8 1/2-1/2

[Event "Mondiale Semilampo FIDE 2024"]
[Site "New York"]
[Date "28.12.2024"]
[Round "12.81"]
[White "Erenburg, Sergey"]
[Black "Zhalmakhanov, Ramazan"]
[Result "1-0"]
[WhiteTitle "GM"]
[BlackTitle "GM"]
[WhiteElo "2510"]
[BlackElo "2486"]
[WhiteFideId "2805642"]
[BlackFideId "13706357"]
[EventDate "26.12.2024"]

1. e4 c5 2. Nf3 d6 3. d4 cxd4 4. Nxd4 Nf6 5. Nc3 a6 6. Be3 e6 7. f3 b5 8. Qd2
Nbd7 9. g4 Nb6 10. a4 b4 11. Na2 e5 12. Nc6 Qc7 13. Naxb4 a5 14. Nd5 Nbxd5 15.
exd5 Be7 16. Bb5 O-O 17. O-O-O Ba6 18. c4 Bd8 19. Kb1 Nd7 20. h4 Qb7 21. f4 e4
22. h5 Bb6 23. h6 g6 24. Bxb6 Qxb6 25. Ne7+ Kh8 26. Bxd7 Ra7 27. g5 Rxd7 28.
Qc3+ f6 29. Nc6 Qf2 30. gxf6 Rdf7 31. Nd4 Rc8 32. Rdf1 Qg2 33. Rhg1 Qh2 34. Rh1
Qg2 35. b3 Qg4 36. f5 g5 37. Ne6 e3 38. Rhg1 e2 39. Re1 Qxf5+ 40. Kb2 g4 41.
Rxe2 Rg8 42. Reg2 Bc8 43. Qd4 Bxe6 44. dxe6 Qxe6 45. Ka3 Rb8 46. Rxg4 Qe2 47.
Rg7 Qf3 48. Qb6 Rff8 49. Rxh7+ Kxh7 50. Qc7+ 1-0

[Event "Mondiale Semilampo FIDE 2024"]
[Site "New York"]
[Date "28.12.2024"]
[Round "12.82"]
[White "George, Kevin"]
[Black "Druska, Juraj"]
[Result "0-1"]
[WhiteTitle "IM"]
[BlackTitle "IM"]
[WhiteElo "2270"]
[BlackElo "2423"]
[WhiteFideId "10669515"]
[BlackFideId "14915650"]
[EventDate "26.12.2024"]

1. e4 e6 2. d4 d5 3. Nd2 c5 4. Ngf3 cxd4 5. Nxd4 Nf6 6. exd5 Nxd5 7. N2f3 Bb4+
8. Bd2 Bc5 9. Nb3 Be7 10. Bb5+ Bd7 11. Qe2 O-O 12. Bxd7 Nxd7 13. O-O Qc7 14.
Nbd4 N7b6 15. b3 Nc3 16. Qe5 Rac8 17. Qxc7 Rxc7 18. a4 Bf6 19. Bg5 a6 20. Bxf6
gxf6 21. Rfe1 Rd8 22. h3 Nbd5 23. Kf1 Nb4 24. Rac1 Rd5 25. g4 Rc8 26. Re3 Rdc5
27. Kg1 Ncd5 28. Re2 Nf4 29. Re4 Nxh3+ 30. Kg2 Na2 31. Rh1 Nc3 32. Re3 Nf4+ 33.
Kg3 Ng6 34. Ra1 Nd5 35. Ree1 Rc3 36. Kg2 Nb4 37. Rad1 Nf4+ 38. Kg3 Nfd5 39. g5
fxg5 40. Kg4 h6 41. Nxe6 Nf6+ 42. Kg3 fxe6 43. Rxe6 Kf7 44. Rb6 Nbd5 45. Rxb7+
Kg6 46. Rd3 Ne4+ 47. Kh2 Rxd3 48. cxd3 Nxf2 49. Rd7 Ng4+ 50. Kg3 Ngf6 51. Rd6
Rc3 52. Kf2 g4 53. Ne5+ Kf5 54. Nf7 Rxd3 55. Nxh6+ Kf4 56. Nxg4 Kxg4 57. Rxa6
Ne4+ 58. Ke1 Ndc3 59. Kf1 Rd1+ 60. Kg2 Rd2+ 61. Kg1 Ne2+ 62. Kf1 Kf3 63. Ke1
N2c3 64. Rf6+ Ke3 65. Kf1 Nxf6 0-1

[Event "Mondiale Semilampo FIDE 2024"]
[Site "New York"]
[Date "28.12.2024"]
[Round "12.83"]
[White "Soo, Kai Jie"]
[Black "Makoto, Rodwell"]
[Result "1-0"]
[WhiteTitle "FM"]
[BlackTitle "IM"]
[WhiteElo "2153"]
[BlackElo "2334"]
[WhiteFideId "5803454"]
[BlackFideId "11000120"]
[EventDate "26.12.2024"]

1. d4 Nf6 2. c4 g6 3. g3 Bg7 4. Bg2 O-O 5. Nc3 d6 6. Nf3 Nbd7 7. O-O e5 8. e4
Re8 9. h3 c6 10. Be3 a5 11. b3 exd4 12. Nxd4 Nc5 13. Qc2 Qe7 14. Rfe1 Nfd7 15.
Rad1 Nf8 16. f4 Nfe6 17. Nde2 Qc7 18. Bf2 b6 19. Qd2 Rd8 20. g4 Bb7 21. Bg3 Nf8
22. Kh1 Qe7 23. Nd4 Nfe6 24. Nc2 Qf6 25. Ne2 Nc7 26. Ned4 Qe7 27. Qf2 N7e6 28.
Nf5 gxf5 29. exf5 d5 30. cxd5 cxd5 31. Bh4 Qc7 32. fxe6 fxe6 33. Bxd8 Rxd8 34.
Nd4 Qf7 35. Qe3 Re8 36. Nf5 Bf8 37. Bxd5 exf5 38. Qxe8 Bxd5+ 39. Kh2 fxg4 40.
Qxf7+ Bxf7 41. hxg4 Kg7 42. Kg3 Kf6 43. Rd8 Kg7 44. Rb8 Nd3 45. Rd1 Nb4 46. Rd2
Bc5 47. Rb7 Kg6 48. f5+ Kf6 49. g5+ Kxf5 50. Rxf7+ Kxg5 51. Rxh7 Kf5 52. Kf3 Ke5
53. Rh8 Ke6 54. Re8+ Kf7 55. Re4 Nc6 56. Ke2 Kf6 57. Kd1 Kf5 58. Re8 Ne5 59. Rd5 1-0

[Event "Mondiale Semilampo FIDE 2024"]
[Site "New York"]
[Date "28.12.2024"]
[Round "12.84"]
[White "Bologan, Victor"]
[Black "Larrea, Manuel"]
[Result "1-0"]
[WhiteTitle "GM"]
[BlackTitle "FM"]
[WhiteElo "2600"]
[BlackElo "2259"]
[WhiteFideId "13900048"]
[BlackFideId "3000508"]
[EventDate "26.12.2024"]

1. e4 c5 2. Nf3 Nc6 3. Bb5 g6 4. Bxc6 dxc6 5. d3 Bg7 6. h3 Nf6 7. Nc3 e5 8. Be3
Qd6 9. Qd2 O-O 10. Bh6 b5 11. Bxg7 Kxg7 12. Qe3 a5 13. O-O Nh5 14. Ne2 Re8 15.
a4 Be6 16. Qd2 b4 17. b3 h6 18. Rad1 Kh7 19. g4 Ng7 20. Nh2 f5 21. exf5 gxf5 22.
Ng3 f4 23. Ne4 Qe7 24. Nf3 Bd5 25. Rde1 Ne6 26. Kh2 Rg8 27. Qd1 Nd4 28. Ned2 Rg5
29. Nxg5+ Qxg5 30. Rg1 Qh4 31. Ref1 Rg8 32. f3 h5 33. Qe1 Qxe1 34. Rxe1 Bxf3 35.
Rxe5 hxg4 36. hxg4 Bxg4 37. Rxc5 Rg6 38. Kg2 Bd1+ 39. Kf2 Rxg1 40. Kxg1 Bxc2 41.
Rc4 Ne2+ 42. Kf2 Bxd3 43. Rxc6 Nc3 44. Rc5 Bc2 45. Rxa5 Kg6 46. Kf3 1-0

[Event "Mondiale Semilampo FIDE 2024"]
[Site "New York"]
[Date "28.12.2024"]
[Round "12.85"]
[White "Degenbaev, Aziz"]
[Black "Papasimakopoulos, Alexandros"]
[Result "1/2-1/2"]
[WhiteTitle "FM"]
[BlackTitle "FM"]
[WhiteElo "2260"]
[BlackElo "2379"]
[WhiteFideId "13802640"]
[BlackFideId "4244125"]
[EventDate "26.12.2024"]

1. e4 e6 2. d4 d5 3. Nc3 Bb4 4. Qd3 dxe4 5. Qxe4 Nf6 6. Qh4 Nc6 7. Nf3 Ne7 8.
Bd3 Nf5 9. Bxf5 exf5 10. Bg5 Be7 11. O-O-O c6 12. Rhe1 Be6 13. d5 Nxd5 14. Nxd5
cxd5 15. Qh5 O-O 16. Bxe7 Qxe7 17. Qxf5 Qd7 18. Qd3 Rac8 19. Nd4 Bg4 20. f3 Be6
21. h4 Qd6 22. h5 h6 23. Kb1 Rfe8 24. g4 Bd7 25. Nf5 Bxf5 26. Qxf5 Rcd8 27. a3
Rxe1 28. Rxe1 a6 29. g5 hxg5 30. Qxg5 Kf8 31. Qf5 d4 32. Qh7 Qh6 33. Qe4 Kg8 34.
Qxb7 Qxh5 35. f4 Qh4 36. Qe4 Qf6 37. Rh1 g6 38. Rg1 Kf8 39. Rg3 Re8 40. Qd5 Qxf4
41. Rf3 Qc7 42. Qxd4 Qe5 43. Qb4+ Qe7 44. Qb3 Qe1+ 45. Ka2 Qe6 46. c4 Rc8 47.
Rc3 Kg7 48. a4 g5 49. Rc2 g4 50. Qc3+ Kg6 51. b3 f5 52. Qd4 Qf6 53. Qf4 Rd8 54.
c5 Rd1 55. Rc1 Rd4 56. Qf2 Qd8 57. Rc2 Qd5 58. Ka3 Rd3 59. Rb2 a5 60. Qc2 Qd4
61. c6 Rc3 62. Qg2 Qc5+ 63. Ka2 Qxc6 64. Qh2 Qc7 65. Qh8 Qc5 66. Qg8+ Kf6 67.
Qd8+ Ke5 68. Re2+ Kf4 69. Qd2+ Kf3 70. Qd1 Kf4 71. Qd2+ Kf3 72. Qd1 Rc1 73. Qd3+
Kf4 74. Qd2+ Kf3 75. Qd3+ Kf4 76. Qd2+ Kf3 1/2-1/2

[Event "Mondiale Semilampo FIDE 2024"]
[Site "New York"]
[Date "28.12.2024"]
[Round "12.86"]
[White "Gaehwiler, Gabriel"]
[Black "Pereira, Fabian"]
[Result "1-0"]
[WhiteTitle "IM"]
[BlackTitle "CM"]
[WhiteElo "2392"]
[BlackElo "2123"]
[WhiteFideId "1314530"]
[BlackFideId "3701263"]
[EventDate "26.12.2024"]

1. d4 Nf6 2. Nf3 g6 3. b3 Bg7 4. Bb2 O-O 5. Nbd2 d5 6. g3 Ne4 7. Bg2 f5 8. c4 e6
9. O-O Nd7 10. Qc2 c6 11. Rfd1 g5 12. Ne1 Qe8 13. Nd3 Qh5 14. f3 Nxd2 15. Qxd2
Rf6 16. Rac1 Rh6 17. h3 Nf6 18. Qe3 Bd7 19. Ne5 g4 20. fxg4 fxg4 21. h4 Be8 22.
Rf1 Kh8 23. Rcd1 Bg6 24. Bc1 Bc2 25. Rde1 Qe8 26. Qc3 Bf5 27. Bxh6 Bxh6 28. Rf2
Qe7 29. Ref1 Rf8 30. cxd5 Nxd5 31. Bxd5 cxd5 32. Kh2 Kg8 33. Nd3 Be3 34. Ne5
Bxf2 35. Rxf2 Qa3 36. Nd7 Rd8 37. Nf6+ Kf7 38. Nxg4 Qd6 39. Ne5+ Kg8 40. g4 Be4
41. Qc1 Rf8 42. Qg5+ Kh8 43. Kg3 Rxf2 44. Kxf2 Qf8+ 45. Ke3 Qf1 46. Qd8+ Kg7 47.
Qe7+ Kg8 48. Qxe6+ Kg7 49. Qe7+ Kg8 50. Qg5+ Kh8 51. Kd2 Qf2 52. Qd8+ Kg7 53.
Qe7+ Kg8 54. Qd8+ Kg7 55. Qc7+ Kg8 56. Qb8+ Kg7 57. Qxb7+ Kg8 58. Qa8+ Kg7 59.
Qxa7+ Kg8 60. Qb8+ Kg7 61. Qc7+ Kg8 62. Qd8+ Kg7 63. Qg5+ Kh8 64. Qe3 Qf8 65.
Ke1 Qb4+ 66. Kf2 Qf8+ 67. Kg3 Qb4 68. Qf2 Kg8 69. g5 Qc3+ 70. e3 Bg6 71. Ng4 h5
72. gxh6 Kh7 73. Nf6+ Kxh6 74. Nxd5 1-0

[Event "Mondiale Semilampo FIDE 2024"]
[Site "New York"]
[Date "28.12.2024"]
[Round "12.87"]
[White "Wong, Hayoung"]
[Black "Grahn, Vidar"]
[Result "0-1"]
[BlackTitle "FM"]
[WhiteElo "1704"]
[BlackElo "2263"]
[WhiteFideId "13205145"]
[BlackFideId "1744780"]
[EventDate "26.12.2024"]

1. d4 Nf6 2. Nf3 d5 3. c4 e6 4. Nc3 dxc4 5. e3 a6 6. a4 b6 7. Bxc4 Bb7 8. O-O
Bb4 9. Qe2 O-O 10. Rd1 Qe7 11. Bd2 c5 12. Na2 Bxd2 13. Rxd2 Ne4 14. Rc2 Nd7 15.
Bd3 cxd4 16. exd4 Ndf6 17. Rac1 Bd5 18. Bc4 b5 19. Bxd5 exd5 20. Rc7 Qd6 21. Ne5
Qb6 22. Qd3 bxa4 23. R1c2 Qb5 24. f3 Nd6 25. R7c5 Qxd3 26. Nxd3 Nf5 27. Ndb4
Nxd4 28. Rf2 Nb3 29. Rc6 a5 30. Nd3 d4 31. Nc5 Rad8 32. Nxb3 axb3 33. Nc1 a4 34.
Rc4 Rc8 35. Rxc8 Rxc8 36. Nd3 Nd5 37. Kf1 Ne3+ 38. Ke2 Rc2+ 39. Ke1 Nxg2+ 40.
Kf1 Ne3+ 41. Ke1 Nc4 42. Re2 Rxe2+ 43. Kxe2 a3 44. bxa3 b2 0-1

[Event "Mondiale Semilampo FIDE 2024"]
[Site "New York"]
[Date "28.12.2024"]
[Round "12.88"]
[White "Meylan, Andre"]
[Black "Esquivel Golcher, Luis Enrique"]
[Result "0-1"]
[WhiteTitle "CM"]
[BlackTitle "FM"]
[WhiteElo "2138"]
[BlackElo "2081"]
[WhiteFideId "1301225"]
[BlackFideId "6600174"]
[EventDate "26.12.2024"]

1. e4 e6 2. d4 d5 3. Nd2 Nf6 4. e5 Nfd7 5. f4 c5 6. c3 Nc6 7. Ndf3 cxd4 8. cxd4
Bb4+ 9. Kf2 O-O 10. Bd3 f5 11. Ne2 Ba5 12. Be3 Bb6 13. Rg1 Qe8 14. g4 Ne7 15.
Ng5 Nb8 16. Ng3 h6 17. Nh3 Kh8 18. gxf5 exf5 19. Nh5 Rg8 20. Be2 Be6 21. Qe1
Nbc6 22. Rd1 Bf7 23. Ng3 Rc8 24. a3 Na5 25. Bd3 Bg6 26. Kf1 Qa4 27. Ne2 Bh5 28.
Qh4 Qxd1+ 29. Kf2 Qxd3 30. Qxh5 Rc2 31. Re1 Nc4 32. Bc1 Bxd4+ 33. Kf1 Ne3+ 34.
Kg1 Ng4+ 35. Kf1 Qf3+ 0-1

[Event "Mondiale Semilampo FIDE 2024"]
[Site "New York"]
[Date "28.12.2024"]
[Round "13.5"]
[White "Giri, Anish"]
[Black "Caruana, Fabiano"]
[Result "1/2-1/2"]
[WhiteTitle "GM"]
[BlackTitle "GM"]
[WhiteElo "2733"]
[BlackElo "2805"]
[WhiteFideId "24116068"]
[BlackFideId "2020009"]
[EventDate "26.12.2024"]

1. Nf3 Nf6 2. g3 b5 3. Bg2 Bb7 4. d4 e6 5. Bg5 Be7 6. Qd3 a6 7. Nbd2 d6 8. O-O
Nbd7 9. a4 b4 10. a5 O-O 11. c3 d5 12. Nb3 Rc8 13. cxb4 Bxb4 14. Ne5 c5 15. Nxc5
Nxc5 16. dxc5 Bxc5 17. b4 Bd6 18. Ng4 Be7 19. Nxf6+ Bxf6 20. Bxf6 Qxf6 21. b5
Rc3 22. Qb1 Rfc8 23. Ra2 g6 24. Re1 R3c5 25. bxa6 Bxa6 26. e3 Bc4 27. Ra4 Ra8
28. Qa1 Qe7 29. Bf1 Ra6 30. Bxc4 dxc4 31. Qc3 Qc7 32. Rea1 h5 33. h4 Kh7 34. Rc1 1/2-1/2

[Event "Mondiale Semilampo FIDE 2024"]
[Site "New York"]
[Date "28.12.2024"]
[Round "13.6"]
[White "Dubov, Daniil"]
[Black "Abdusattorov, Nodirbek"]
[Result "1-0"]
[WhiteTitle "GM"]
[BlackTitle "GM"]
[WhiteElo "2693"]
[BlackElo "2777"]
[WhiteFideId "24126055"]
[BlackFideId "14204118"]
[EventDate "26.12.2024"]

1. Nf3 c5 2. b3 d5 3. e3 Nc6 4. Bb2 a6 5. g3 Nf6 6. Bg2 Qc7 7. c4 dxc4 8. bxc4
Bf5 9. Bxf6 exf6 10. Nc3 Bd6 11. Nh4 Be6 12. Nd5 Qd8 13. Rb1 Rb8 14. O-O O-O 15.
d4 cxd4 16. exd4 b5 17. Ne3 Bd7 18. c5 Bc7 19. d5 Ne5 20. d6 Ba5 21. Nhf5 Be6
22. c6 g6 23. Ne7+ Kg7 24. c7 Bxc7 25. dxc7 Qxc7 26. N7d5 Qa7 27. Qc2 Rfd8 28.
Qb2 Bxd5 29. Nxd5 Rd6 30. Kh1 Nc4 31. Qc3 Re8 32. a4 Qc5 33. Ne3 Re5 34. Nxc4
bxc4 35. Rbc1 Rd4 36. Rc2 h5 37. Rfc1 h4 38. Rd2 Rxd2 39. Qxd2 Qa3 40. Bf1 Rc5
41. Rc3 Qxa4 42. Kg1 Qa1 43. Qd4 hxg3 44. hxg3 a5 45. Rxc4 Qxd4 46. Rxd4 f5 47.
Rd6 Kh6 48. Rd7 Kg7 49. Ra7 g5 50. Rb7 g4 51. Rb6 f6 52. Rb5 Re5 53. f4 gxf3 54.
Kf2 Kg6 55. Rb8 Rc5 56. Rb5 Re5 57. Rb8 Rc5 58. Rg8+ Kf7 59. Ra8 Ke6 60. Kxf3
Ke5 61. Ke3 Rc3+ 62. Bd3 Ra3 63. Rb8 a4 64. Rb5+ Ke6 65. Kd4 Kf7 66. Rxf5 Ra1
67. Ke3 Re1+ 68. Kf2 Ra1 69. Bc4+ Kg7 70. Ra5 a3 71. Kf3 Kh6 72. Kg4 Rc1 73. Bd3
Rc3 74. Be4 Rb3 75. Ra7 f5+ 76. Kxf5 a2 77. Kf4 1-0

[Event "Mondiale Semilampo FIDE 2024"]
[Site "New York"]
[Date "28.12.2024"]
[Round "13.7"]
[White "Duda, Jan-Krzysztof"]
[Black "Sindarov, Javokhir"]
[Result "0-1"]
[WhiteTitle "GM"]
[BlackTitle "GM"]
[WhiteElo "2740"]
[BlackElo "2682"]
[WhiteFideId "1170546"]
[BlackFideId "14205483"]
[EventDate "26.12.2024"]

1. Nf3 Nf6 2. g3 c5 3. b3 g6 4. Bb2 Bg7 5. Bg2 Nc6 6. c4 d6 7. O-O e5 8. Nc3 O-O
9. d3 Rb8 10. a3 b6 11. b4 Bb7 12. e3 Qd7 13. b5 Nd8 14. e4 Ne6 15. a4 a5 16.
Bh3 Bc8 17. Nd5 Qd8 18. Nd2 Bh6 19. Nb3 Nxd5 20. cxd5 Nd4 21. Nxd4 cxd4 22. Bg2
Bd7 23. Bc1 Bxc1 24. Rxc1 Rc8 25. Rc6 Bxc6 26. dxc6 Rc7 27. Qb3 Qc8 28. h4 Qe6
29. Qxe6 fxe6 30. Bh3 Kf7 31. Kg2 Ke7 32. Re1 Rf6 33. Bg4 Kd8 34. h5 Rcf7 35. f3
g5 36. Re2 Kc7 37. Re1 h6 38. Kf2 Rf8 39. Kg2 Rd8 40. Kf2 d5 41. Ke2 dxe4 42.
dxe4 d3+ 43. Kd2 Rd4 44. Ra1 Rf7 45. Ra3 Rf8 46. Ra2 Rxe4 47. Kxd3 Rb4 48. Ke3
Rd8 49. Bxe6 Rdd4 50. Kf2 Rxa4 51. Re2 Rdb4 52. Rxe5 Rb2+ 53. Ke3 Ra3+ 54. Kd4
Rb4+ 55. Bc4 Raa4 56. Re7+ Kd8 57. c7+ Kc8 58. Kd5 Rxc4 59. Kd6 Kb7 60. Rh7 Rc5
61. Rxh6 Rd4+ 62. Ke6 a4 63. Rh8 Rxc7 64. h6 Rdd7 0-1

[Event "Mondiale Semilampo FIDE 2024"]
[Site "New York"]
[Date "28.12.2024"]
[Round "13.8"]
[White "Robson, Ray"]
[Black "Yu, Yangyi"]
[Result "1/2-1/2"]
[WhiteTitle "GM"]
[BlackTitle "GM"]
[WhiteElo "2700"]
[BlackElo "2724"]
[WhiteFideId "2023970"]
[BlackFideId "8603820"]
[EventDate "26.12.2024"]

1. d4 d5 2. c4 e6 3. Nc3 h6 4. Nf3 Nf6 5. e3 Be7 6. b3 O-O 7. Bb2 c5 8. dxc5
Bxc5 9. a3 dxc4 10. Bxc4 a6 11. b4 Be7 12. O-O b5 13. Be2 Bb7 14. a4 Nc6 15.
axb5 axb5 16. Nxb5 Nxb4 17. Qxd8 Rfxd8 18. Rxa8 Rxa8 19. Ra1 Rxa1+ 1/2-1/2

[Event "Mondiale Semilampo FIDE 2024"]
[Site "New York"]
[Date "28.12.2024"]
[Round "13.9"]
[White "Muradli, Mahammad"]
[Black "Praggnanandhaa, R"]
[Result "1/2-1/2"]
[WhiteTitle "GM"]
[BlackTitle "GM"]
[WhiteElo "2588"]
[BlackElo "2737"]
[WhiteFideId "13409301"]
[BlackFideId "25059530"]
[EventDate "26.12.2024"]

1. Nf3 Nf6 2. c4 e6 3. g3 d5 4. Bg2 d4 5. e3 Nc6 6. O-O e5 7. exd4 e4 8. d5 exf3
9. Qxf3 Ne5 10. Re1 Qe7 11. Qd1 Bg4 12. f3 Bxf3 13. Qa4+ Kd8 14. d4 Bxg2 15.
Rxe5 Qd7 16. Qxd7+ Nxd7 17. Kxg2 Nxe5 18. dxe5 c6 19. Nc3 cxd5 20. cxd5 Rc8 21.
Bd2 Bb4 22. Rf1 Rf8 23. a3 Ba5 24. Bg5+ Kd7 25. Ne4 h6 26. Be3 Bb6 27. Bd2 Bd4
28. Bb4 Bxe5 29. Bxf8 Rxf8 30. Nc5+ Kd6 31. Nxb7+ Kxd5 32. b4 Bd4 33. Rf5+ Ke6
34. Ra5 Bb6 35. Ra6 Kd5 36. Nc5 Re8 37. Na4 Re2+ 38. Kf1 Rf2+ 39. Ke1 Bd4 40.
Nc5 Rxh2 41. Rxa7 Bxc5 42. bxc5 Rg2 43. Rxf7 Rxg3 44. Rc7 h5 45. Kf2 h4 46. a4
Rg6 47. c6 h3 48. Rc8 Rg2+ 49. Kf1 Kd6 50. c7 Rg3 51. Kf2 Ra3 52. Rg8 Ra2+ 53.
Kg3 Kxc7 54. Rxg7+ Kb6 55. Kxh3 Rxa4 56. Rg4 Rxg4 57. Kxg4 1/2-1/2

[Event "Mondiale Semilampo FIDE 2024"]
[Site "New York"]
[Date "28.12.2024"]
[Round "13.11"]
[White "Aronian, Levon"]
[Black "Esipenko, Andrey"]
[Result "1/2-1/2"]
[WhiteTitle "GM"]
[BlackTitle "GM"]
[WhiteElo "2747"]
[BlackElo "2682"]
[WhiteFideId "13300474"]
[BlackFideId "24175439"]
[EventDate "26.12.2024"]

1. e4 e5 2. Nf3 Nc6 3. Nc3 Nf6 4. Bb5 Nd4 5. Nxd4 exd4 6. e5 dxc3 7. exf6 Qxf6
8. dxc3 Bc5 9. Qe2+ Qe7 10. Qxe7+ Bxe7 11. Bf4 c6 12. Bd3 d5 13. a4 Be6 14. a5
a6 15. b4 Rc8 16. Be3 Bf6 17. Kd2 Kd7 18. h4 h6 19. h5 Rce8 20. f3 Kc8 21. g4
Bd7 22. Rae1 Rxe3 23. Rxe3 Bg5 24. Ke2 Bxe3 25. Kxe3 Kc7 26. Kd4 Kd6 27. Rg1 Rc8
28. g5 c5+ 29. bxc5+ Rxc5 30. gxh6 gxh6 31. Rg7 Be6 32. Rh7 Rxa5 33. Rxh6 Ra4+
34. Ke3 Ke5 35. Rh8 Rh4 36. h6 Bf5 37. h7 Kf6 38. Rb8 Bxh7 39. Bxh7 Rxh7 40.
Rxb7 Rh2 41. Rb6+ 1/2-1/2